000 00440nam a22001697a 4500
003 MPLRDC
005 20220104123717.0
008 210129b ||||| |||| 00| 0 eng d
082 _a528.21 LG
100 _a雷鼓出版社编辑部
245 _a怎样教出聪明的孩子
_c
260 _a
_b雷鼓出版社
_c1991
300 _b
490 _a教育孩子101 招
650 _a子女教育; 亲子教育
942 _cBK
_o528.21 LG
999 _c13583
_d13573